00465 2200181 4500001002100000005001500021035002000036008004100056100002200097245003600119300002200155020002200177082000800199084001400207260003400221650001000255990001800265INLIS00000000000018620240823121736 a0010-0724000186 ind  aJuzwar, Christina aSilver Girl /cChristina Juzwar a232 hlm ;c20 cm. a978-602-94-98-3-2 a813 a813 CHR s aJakarta :bNoura Books,c2012 aFiksi aP29/CP/24/186